00831nam a22002177a 4500001000700000003000900007005001700016007000700033008004900040020002200089020002200111040002200133082001500155100003200170245018200202260006300384300002900447505007900476700002800555700003000583000723DO-SdBNP20180209115501.0000723161118b 1999 ck a ||||| |||| 00| 0 spa d a9586155137 (V. 1) a9586155145 (V. 2) aBPMSUbspacBPMSU axxxxbxxxx1 aCecilia Betancourt, María00aAyúdame a crecer :buna guía completa para la correcta formación de los niños y las niñas /cMaría Cecilia Betancourt, Clara Patrcia Camaho, María Esther Cavagnis. aSanta Fe, Bogotá : bEducar Cultural Recreativa, c1999. a129 p. :bil. ;c28 cm. 0 gv. 1tEl hijo ya está en casa--gv. 2tRelacionándose con los otros --12aCamaho, Clara Patrcia 12aCavagnis, María Esther